[Event "Vandoeuvre op-B 15th"]
[Site "Vandoeuvre"]
[Date "2019.01.04"]
[Round "6.7"]
[White "Bellahcene, Anissa"]
[Black "Rauta, Nicolas"]
[Result "1/2-1/2"]
[WhiteElo "1819"]
[BlackElo "1904"]
[PlyCount "95"]
[EventDate "2019.01.02"]
[EventType "swiss"]
[EventRounds "9"]
[EventCountry "FRA"]
[SourceTitle "EXT 2020"]
[Source "ChessBase"]
[SourceDate "2019.10.17"]
[SourceVersion "1"]
[SourceVersionDate "2019.10.17"]
[SourceQuality "1"]

1. e4 c6 2. d4 d5 3. Nc3 dxe4 4. Nxe4 Bf5 5. Nc5 b6 6. Nb3 Nf6 7. Nf3 Nbd7 8. g3 e6 9. Bg2 Bd6 10. 0-0 0-0 11. Nbd2 Rc8 12. Nc4 Bb8 13. Nfe5 Nxe5 14. dxe5 Qxd1 15. Rxd1 Nd5 16. c3 h6 17. Be3 Bg6 18. Nd6 Rcd8 19. Bf4 Bh5 20. Rd2 g5 21. Be3 Nxe3 22. fxe3 c5 23. Rf1 Bxd6 24. exd6 f6 25. Bc6 Kg7 26. h3 f5 27. e4 fxe4 28. Rxf8 Kxf8 29. Bxe4 Be8 30. Kf2 Kg7 31. Ke3 Bd7 32. h4 Kf6 33. Rf2+ Ke5 34. hxg5 hxg5 35. Rf7 Kxd6 36. Rg7 Rf8 37. Rxg5 Ke7 38. Rg7+ Rf7 39. Rxf7+ Kxf7 40. Kf4 Kf6 41. Bb7 e5+ 42. Kf3 Be6 43. a3 Bd7 44. Be4 Be6 45. Bb7 Bd7 46. Be4 Be6 47. Bb7 Bd7 48. Be4 1/2-1/2

[Event "Krk Golden Island op 1st"]
[Site "Malinska"]
[Date "2013.04.09"]
[Round "6"]
[White "Rauta, Nicolas"]
[Black "Kerman, Josip"]
[Result "1/2-1/2"]
[WhiteElo "1929"]
[BlackElo "1732"]
[PlyCount "59"]
[EventDate "2013.04.06"]
[EventType "swiss"]
[EventRounds "9"]
[EventCountry "CRO"]
[SourceTitle "CBM 153 Extra"]
[Source "ChessBase"]
[SourceDate "2013.04.22"]
[SourceVersion "1"]
[SourceVersionDate "2013.04.22"]
[SourceQuality "1"]

1. c4 g6 2. Nc3 Bg7 3. g3 c6 4. Bg2 e6 5. e4 Ne7 6. Nge2 d5 7. cxd5 cxd5 8. exd5 exd5 9. d4 0-0 10. 0-0 Nbc6 11. Bf4 a6 12. Qd2 Re8 13. Rad1 Be6 14. Na4 Qa5 15. Qxa5 Nxa5 16. Nb6 Ra7 17. b3 Nac6 18. h3 Nb4 19. Rd2 a5 20. Nc3 Ra6 21. Nba4 Rc6 22. Nb5 Rc2 23. Rxc2 Nxc2 24. Nd6 Ra8 25. Nxb7 Nxd4 26. Bd2 Nec6 27. f4 Ne2+ 28. Kh2 Nb4 29. Nxa5 Nxa2 30. Nc5 1/2-1/2

[Event "Lido Adriano op 1st"]
[Site "Ravenna"]
[Date "2011.04.04"]
[Round "3"]
[White "Rauta, Nicolas"]
[Black "Di Lazzaro, Gabriele"]
[Result "1-0"]
[WhiteElo "1975"]
[BlackElo "1921"]
[PlyCount "49"]
[EventDate "2011.04.02"]
[EventType "swiss"]
[EventRounds "9"]
[EventCountry "ITA"]
[SourceTitle "EXT 2023"]
[Source "ChessBase"]
[SourceDate "2022.10.05"]
[SourceVersion "1"]
[SourceVersionDate "2022.10.05"]
[SourceQuality "1"]

1. c4 e5 2. Nc3 Bb4 3. g3 Bxc3 4. bxc3 d6 5. Bg2 Nf6 6. e4 Nc6 7. Ne2 0-0 8. d4 Rb8 9. 0-0 Na5 10. Qd3 b6 11. f4 Ba6 12. fxe5 dxe5 13. Bg5 Bxc4 14. Qc2 Qd6 15. Bxf6 gxf6 16. Rf5 exd4 17. cxd4 Bxe2 18. Rd5 Qb4 19. Qxe2 Rfd8 20. Qg4+ Kf8 21. Rf1 c5 22. Qf4 Ke8 23. Qxf6 Rxd5 24. Qxf7+ Kd8 25. Qxd5+ 1-0

[Event "Metz op 23rd"]
[Site "Metz"]
[Date "2005.??.??"]
[Round "6"]
[White "Rauta, Nicolas"]
[Black "Durando, Didier"]
[Result "1-0"]
[WhiteElo "1965"]
[BlackElo "2051"]
[PlyCount "102"]
[EventDate "2005.04.16"]
[EventType "swiss"]
[EventRounds "9"]
[EventCountry "FRA"]
[SourceTitle "EXT 2007"]
[Source "ChessBase"]
[SourceDate "2006.11.23"]
[SourceVersion "1"]
[SourceVersionDate "2006.11.23"]
[SourceQuality "1"]

1. c4 g6 2. Nc3 Bg7 3. g3 Nf6 4. Bg2 0-0 5. e4 d6 6. Nge2 c5 7. d3 Nc6 8. 0-0 Rb8 9. f4 e6 10. h3 a6 11. Rb1 Bd7 12. Be3 b5 13. e5 dxe5 14. Bxc5 Re8 15. fxe5 Nxe5 16. Bd6 Nc6 17. Bxb8 Qxb8 18. cxb5 axb5 19. Ne4 Nd5 20. Qd2 Qa7+ 21. Kh2 Ne3 22. Nf6+ Bxf6 23. Rxf6 Nf5 24. g4 Qc5 25. gxf5 Qe5+ 26. Qf4 Qxf6 27. fxe6 Qxe6 28. Nc3 Ne7 29. Rf1 Nf5 30. Nd5 Rc8 31. Nb4 Ne3 32. Rf3 Nxg2 33. Kxg2 Rc5 34. Re3 Bc6+ 35. Kh2 Qc8 36. Qd6 Bb7 37. d4 Rf5 38. d5 Bxd5 39. Rc3 Qe8 40. Rc2 Qa8 41. Rd2 Be6 42. Nc6 Rf3 43. Ne7+ Kg7 44. Qe5+ Kh6 45. Nd5 Bxd5 46. Rxd5 Qa7 47. Rd4 f6 48. Qd6 Rf2+ 49. Kg3 Rxb2 50. Qf8+ Kg5 51. Rd5+ f5 1-0